Kostel Nejsvětějšího Srdce Páně /

Hlavní autor: Frouz, Martin, 1970-
Další autoři: Wasserbauer, Zdenek, 1966-
Jazyk: Čeština
Vydáno: Praha : Triton, 2012 [i.e. 2013]
Vydání: Vyd. 2.
Témata:
Fyzický popis: 299 s. : il. (převážně barev.), portréty, plány, faksim. ; 31 cm
Language note: Anglické a slovinské resumé
Knihy
Uloženo v:
LEADER 02285nam a2200601 a 4500
001 nkc20132523063
003 CZ PrNK
005 20140107141808.0
007 ta
008 131129s2013 xr acehe 000 0 cze
015 |a cnb002523063 
020 |a 978-80-7387-704-0  |q (váz.) 
035 |a (OCoLC)867822450 
040 |a BOA001  |b cze  |d ABA001 
041 0 |a cze  |b eng  |b slv 
043 |a e-xr---  |b e-xr-pg  |2 czenas 
045 |a x-x- 
072 7 |a 72  |x Architektura  |2 Konspekt  |9 21 
080 |a 726.54:272  |2 MRF 
080 |a 726.5  |2 MRF 
080 |a 72.036/.038  |2 MRF 
080 |a 72/76.05  |2 MRF 
080 |a (437.311)  |2 MRF 
080 |a (084.12)  |2 MRF 
100 1 |a Frouz, Martin,  |d 1970-  |7 ola2006357494  |4 pht 
245 1 0 |a Kostel Nejsvětějšího Srdce Páně /  |c editor Zdenek Wasserbauer ; fotografie Martin Frouz 
250 |a Vyd. 2. 
260 |a Praha :  |b Triton,  |c 2012 [i.e. 2013] 
300 |a 299 s. :  |b il. (převážně barev.), portréty, plány, faksim. ;  |c 31 cm 
500 |a Správné vročení v tiráži 
504 |a Obsahuje bibliografické odkazy 
546 |a Anglické a slovinské resumé 
600 1 7 |a Plečnik, Jože,  |d 1872-1957  |7 jn19990210495  |2 czenas 
610 2 7 |a Kostel Nejsvětějšího Srdce Páně (Praha, Česko)  |7 kn20050428023  |2 czenas 
648 7 |a 20. století  |7 ch460558  |2 czenas 
650 0 7 |a katolické kostely  |7 ph114895  |z Česko  |2 czenas 
650 0 7 |a církevní architektura  |7 ph114282  |z Česko  |y 20. století  |2 czenas 
650 0 7 |a moderní architektura  |7 ph115339  |z Česko  |2 czenas 
650 0 7 |a umělecká výzdoba  |7 ph136757  |z Česko  |2 czenas 
650 0 9 |a Catholic churches  |z Czechia  |2 eczenas 
650 0 9 |a church architecture  |z Czechia  |y 20th century  |2 eczenas 
650 0 9 |a modern architecture  |z Czechia  |2 eczenas 
650 0 9 |a artistic decoration  |z Czechia  |2 eczenas 
651 7 |a Praha (Česko)  |7 ge118011  |2 czenas 
651 9 |a Prague (Czechia)  |2 eczenas 
655 7 |a fotografické publikace  |7 fd132276  |2 czenas 
655 9 |a photographical works  |2 eczenas 
700 1 |a Wasserbauer, Zdenek,  |d 1966-  |7 jn20001005298  |4 edt 
910 2 |a BOA001  |b 4-1312.720 
990 |a BK 
995 |a 01 
991 |b 201312  |c NOV  |e n 
996 6 |b 2610572097  |c 4-1312.720  |l MZK  |r Sklad / do 1 hodiny  |n 2  |p p.v.  |w 001385674  |u 000010  |a 1  |e BOA001  |j MZK50  |s P